THE PROFESSOR AND THE MADMAN (Registro nro. 57968)
[ vista simple ]
| 000 -LEADER | |
|---|---|
| fixed length control field | 00816nam a2200193 a 4500 |
| 001 - CONTROL NUMBER | |
| control field | 57968 |
| 005 - DATE AND TIME OF LATEST TRANSACTION | |
| control field | 20180714054358.0 |
| 008 - FIXED-LENGTH DATA ELEMENTS--GENERAL INFORMATION | |
| fixed length control field | 140415s1998 xxu 000 0 eng d |
| 020 ## - INTERNATIONAL STANDARD BOOK NUMBER | |
| International Standard Book Number | 006099486X |
| 041 ## - LANGUAGE CODE | |
| Language code of text/sound track or separate title | eng |
| 082 ## - DEWEY DECIMAL CLASSIFICATION NUMBER | |
| Classification number | 423 |
| Item number | WIN |
| 100 1# - MAIN ENTRY--PERSONAL NAME | |
| Personal name | WINCHESTER, SIMON |
| 245 14 - TITLE STATEMENT | |
| Title | THE PROFESSOR AND THE MADMAN |
| 250 ## - EDITION STATEMENT | |
| Edition statement | 1a ed. |
| 260 ## - PUBLICATION, DISTRIBUTION, ETC. | |
| Place of publication, distribution, etc. | ESTADOS UNIDOS DE AMERICA : |
| Name of publisher, distributor, etc. | HARPER COLLINS PUBLISHERS, |
| Date of publication, distribution, etc. | 1998 |
| 300 ## - PHYSICAL DESCRIPTION | |
| Extent | |
| Dimensions | 13.5 x 1.5 x 20.3 |
| 520 ## - SUMMARY, ETC. | |
| Summary, etc. | THE PROFESSOR AND THE MADMAN MASTERFULLY RESEARCHED AND ELOQUENTLY WRITTEN, IS AN EXTRAORDINARY TALE OF MADNESS, GENIUS, AND THE INCREDIBLE OBSESSIONS OF TWO REMARKABLE MEN THAT LED TO THE MAKING OF THE OXFORD ENGLISH DICTIONARY- AND LITERARY HISTORY |
| 650 14 - SUBJECT ADDED ENTRY--TOPICAL TERM | |
| Topical term or geographic name entry element | LENGUAJE |
| General subdivision | INGLES |
| -- | DICCIONARIO |
| -- | INGLES |
| -- | LENGUAJE INGLES |
| -- | LEXICOGRAFIA |
| Withdrawn status | Lost status | Source of classification or shelving scheme | Damaged status | Not for loan | Collection code | Home library | Current library | Shelving location | Date acquired | Source of acquisition | Inventory number | Total Checkouts | Full call number | Barcode | Date last seen | Price effective from | Koha item type |
|---|---|---|---|---|---|---|---|---|---|---|---|---|---|---|---|---|---|
| Dewey Decimal Classification | General | Biblioteca Karol Wojtyla | Biblioteca Karol Wojtyla | Sala general | 03/12/2013 | Compra | 151000000000000000042267 | 423 WIN | 87461 | 05/01/2026 | 03/12/2013 | Libro |